000 00422nam a2200145Ia 4500
008 210210b1979 xxu||||| |||| 00| 0 eng d
082 _a954.03 GRON
100 _aGROVER (B L) and SETHI (R R).
245 _aNew look on modern Indian history (from 1707 to the present day). Rev Ed 5.
250 _a
260 _aNew Delhi.
_bS. Chand & Co. Ltd.
_c1979
300 _axiv,563
690 _aIndian History
906 _a034387
999 _c85243
_d85243